00398nam a2200181Ia 4500003000900000008004100009040001300050040001300063041000800076100001700084245004900101250000900150260002100159260000900180300001100189300001000200490000600210IT-RoPAU120407s9999 xx 000 0 und d aIT-RoPAU cIT-RoPAU aita aAndrea Gemma aAnnunzia la Parola. Spunti omiletici anno A. aAlba aEdizioni Paoline c1974 a461 p. c21 cm v1